000 00578nam a22002057a 4500
999 _c13775
_d13775
003 MIRAKIL
005 20200218145634.0
008 200218b tu ||||| |||| 00| 0 tur d
020 _a9786050203059
040 _aTR-AnCHP
_cTR-AnCHP
041 _atur
082 _a650.1
_bK84a 2013
100 _aKul, Alper
245 1 0 _aArkana bakma! o tarafa gitmiyorsun/
_cAlper Kul.
260 _aİstanbul :
_bOmega Yayınları,
_c2013.
300 _a286 s.:
_bfotg.;
_c21 sm.
650 0 _95435
_aBaşarı, iş yaşamında
650 0 _96286
_aKariyer planlaması
942 _2ddc
_cBKS